Normal view
MARC view
Entry Topical Term
001 - CONTROL NUMBER
- control field: 7136
003 - CONTROL NUMBER IDENTIFIER
- control field: dpl
005 - DATE AND TIME OF LATEST TRANSACTION
- control field: 20100805155325.0
008 - FIXED-LENGTH DATA ELEMENTS
- fixed length control field: 100805|||a|||||| | ||| d
040 ## - CATALOGING SOURCE
- Original cataloging agency: dpl
- Transcribing agency: dpl
150 ## - HEADING--TOPICAL TERM
- Topical term or geographic name as entry element: Pounds, Ezra, 1855-1972
670 ## - SOURCE DATA FOUND
- Source citation: Work cat.: (dpl): Hari Sharan Lal 7135, Dynamics of ezra pound's poetry /, 2009
670 ## - SOURCE DATA FOUND
- Source citation: Work cat.: (dpl): Hari Sharan Lal 7135, Dynamics of ezra pound's poetry /, 2009
